Aplicación de la normatividad legal vigente en relación con la adquisición y mantenimiento de predios o áreas estratégicas para la recuperación y protección del recurso hídrico (Registro nro. 632)

Detalles MARC
000 -CABECERA
Campo de control 01073nam a2200277 a 4500
005 - FECHA Y HORA DE LA ULTIMA TRANSACCION
Campo de control 20160826140224.0
008 - ELEMENTOS DE LONGITUD FIJA—INFORMACION GENERAL
Campo de control 140221b1997 ck |||||rm||| 00| 0 spa d
040 ## - FUENTE DE CATALOGACIÓN
Agencia catalogadora original CO-BoIAVH
Agencia transcriptora CO-BoIAVH
041 ## - IDIOMA
Código de idioma para texto/pista de sonido o título separado Español
044 ## - PAÍS DE PUBLICACIÓN
País de publicación Colombia
090 ## - CLASIFICACIÓN LOCAL
Colección TE
Consecutivo 0083
100 ## - ASIENTO PRINCIPAL--NOMBRE PERSONAL
Nombre personal Castro Jaimes, Ana Esperanza
9 (RLIN) 8505
245 ## - MENCION DE TITULO
Título Aplicación de la normatividad legal vigente en relación con la adquisición y mantenimiento de predios o áreas estratégicas para la recuperación y protección del recurso hídrico
260 ## - PUBLICACION, DISTRIBUCION, ETC. (PIE DE IMPRENTA)
Lugar de publicación, distribución, etc. Cúcuta
Nombre del editor, distribuidor, etc. Universidad Libre de Colombia
Fecha de publicación, distribución, etc. 1997
300 ## - DESCRIPCION FISICA
Extensión 197 p.
650 ## - ASIENTO SECUNDARIO DE MATERIA - TERMINO TEMATICO
Término temático o nombre geográfico como elemento de entrada Recursos hídricos
9 (RLIN) 75064
650 ## - ASIENTO SECUNDARIO DE MATERIA - TERMINO TEMATICO
Término temático o nombre geográfico como elemento de entrada Legislación ambiental
9 (RLIN) 75065
650 ## - ASIENTO SECUNDARIO DE MATERIA - TERMINO TEMATICO
Término temático o nombre geográfico como elemento de entrada Areas prioritarias de conservación
9 (RLIN) 75066
650 ## - ASIENTO SECUNDARIO DE MATERIA - TERMINO TEMATICO
Término temático o nombre geográfico como elemento de entrada Manejo de aguas
9 (RLIN) 7647
650 ## - ASIENTO SECUNDARIO DE MATERIA - TERMINO TEMATICO
Término temático o nombre geográfico como elemento de entrada Recursos pesqueros
9 (RLIN) 75067
650 ## - ASIENTO SECUNDARIO DE MATERIA - TERMINO TEMATICO
Término temático o nombre geográfico como elemento de entrada Balance hídrico
9 (RLIN) 6287
650 ## - ASIENTO SECUNDARIO DE MATERIA - TERMINO TEMATICO
Término temático o nombre geográfico como elemento de entrada Código Nacional de los Recursos Naturales Renovables y de Protección del Medio Ambiente
9 (RLIN) 3612
700 ## - ASIENTO SECUNDARIO - NOMBRE PERSONAL
Nombre personal Leal Leal, Nancy Bibiana
9 (RLIN) 8509
700 ## - ASIENTO SECUNDARIO - NOMBRE PERSONAL
Nombre personal Galeano Portillo, Luis Enrique
9 (RLIN) 8510
942 ## - ELEMENTOS ADICIONALES (KOHA)
Tipo de ítem Tesis
Sistema de clasificación Local
Existencias
Withdrawn status Lost status Sistema de Clasificación Damaged status No para préstamo Colección Inventariado Ubicación Permanente Ubicación actual Fecha de adquisición Total Checkouts Número topográfico Inventario / Código de Barras Date last seen Ejemplar Price effective from Forma de adquisición Tipo de material
    Local     Tesis Inventariado 2017 Bogotá Bogotá 06/01/1998   TE-0083 000900 04/12/2012 Ej. 1 04/12/2012 Donación Tesis